| 000 | 00570nam a22001937a 4500 | ||
|---|---|---|---|
| 003 | OSt | ||
| 005 | 20251106063504.0 | ||
| 008 | 251106b |||||||| |||| 00| 0 eng d | ||
| 020 | _aA-20104-00584 | ||
| 040 |
_aDWCL-Main lib _cOC |
||
| 082 | _aFil. 346.599 B638r 2014 | ||
| 100 | _aBlanza, Pandy Bisa | ||
| 245 |
_aReviewer in business law/ _cPandy Bisa Blaza |
||
| 260 |
_a Bonot, Legazpi: _bNuprint master, _cc2014 |
||
| 300 |
_a416 pages : _billustrations ; _c21cm |
||
| 650 | _a1. Commercial law | ||
| 650 | _a2. Philippines | ||
| 942 |
_2ddc _cBK - FIL _kFil. _n0 |
||
| 999 |
_c5600 _d5600 |
||